Music Quiz

Random Music or Rock Quiz

VH1's 100 Songs (Hard Rock) Quiz Stats

 Plays Quiz Updated Mar 29, 2019

Score 0/100 Timer 15:00
2 Plays Today
# Artist % Correct
2AC/DC
93.1%
31AC/DC
91%
7Nirvana
90.3%
1Guns N' Roses
89.8%
5Metallica
88.3%
8Aerosmith
87.2%
3Led Zeppelin
82.9%
21Led Zeppelin
82.7%
37The Who
82.3%
6The Who
82.3%
20Bon Jovi
82.2%
4Black Sabbath
81.2%
81Black Sabbath
79.8%
16KISS
79.7%
36Van Halen
78.8%
35Alice Cooper
78.7%
9Van Halen
78.6%
23Ozzy Osbourne
78.5%
11Deep Purple
78.1%
39Boston
75.1%
96Kansas
73.8%
66Europe
73.5%
75White Stripes
72.5%
63Survivor
72.3%
79Billy Idol
71.6%
34Heart
71.4%
55Blue Öyster Cult
71%
26Lynyrd Skynyrd
70.2%
19Rush
69.4%
30Pearl Jam
68.3%
42The Clash
68.3%
25The Ramones
67.9%
33Green Day
67.9%
15Mötley Crüe
67%
# Artist % Correct
77Soundgarden
67%
18Scorpions
66.9%
50Red Hot Chili Peppers
65.4%
22Jimi Hendrix Experience
65.4%
80Journey
63.7%
44Cream
63.4%
53Steppenwolf
63%
13Def Leppard
62.6%
40Poison
61.8%
14Iron Maiden
61.7%
10Motörhead
61.3%
57The Kinks
61.1%
17Twisted Sister
60.7%
48Korn
58.3%
28Foo Fighters
57.3%
41Quiet Riot
56.9%
32Ted Nugent
56.8%
86Marilyn Manson
56.2%
12Judas Priest
56.1%
56Warrant
55.7%
70Foreigner
55.6%
29Joan Jett & the Blackhearts
54.3%
90Jethro Tull
53.6%
45Foghat
53.6%
100Sammy Hagar
52%
67ZZ Top
51.4%
61Ratt
50.6%
91Smashing Pumpkins
50%
83Evanescence
48.6%
43Dio
48.5%
58Stone Temple Pilots
47.8%
24Iron Butterfly
46.8%
38Queen
46.1%
27Whitesnake
45.7%
# Artist % Correct
88Alice In Chains
45.1%
47Kid Rock
44.5%
51Megadeth
43.3%
60Skid Row
42.4%
94The Darkness
41.2%
72Pat Benatar
41.1%
69Living Colour
41%
78Bad Company
39.6%
54Faith No More
38.2%
73Thin Lizzy
37.9%
95Creed
37.3%
99Grand Funk Railroad
35.9%
68White Zombie
34.1%
97Edgar Winter Group
33.6%
59Billy Squier
31%
76Lita Ford
30.6%
89Andrew W.K.
27.2%
52The Runaways
27%
85Velvet Revolver
25.4%
87Winger
24.6%
65MC5
23.6%
46Anthrax
23.4%
71Jane's Addiction
21.9%
74The Cult
21.7%
49The Stooges
21.3%
82Rainbow
21.3%
93Autograph
20.7%
98Buckcherry
19.3%
92Night Ranger
17.7%
62Dokken
15.9%
64Rollins Band
15.4%
84W.A.S.P
12.7%

You're not logged in!

Compare scores with friends on all Sporcle quizzes.
OR
Log In

Sporcle TV

Today on Sporcle TV


Watch our educational content, quiz creation guides, and fun videos on Sporcle TV.

Show Comments

Extras

Top Quizzes Today


Score Distribution

Your Account Isn't Verified!

In order to create a playlist on Sporcle, you need to verify the email address you used during registration. Go to your Sporcle Settings to finish the process.

Report this User

Report this user for behavior that violates our Community Guidelines.

Details: